Steven Universe - Be Wherever You Are - Lyrics Quiz - Statistics

General Stats
  • This quiz has been taken 23 times
  • The average score is 80 of 86
Answer Stats
Character Lyrics % Correct
a
100%
a
100%
a
100%
are.
100%
are.
100%
are.
100%
be
100%
be
100%
be
100%
be
100%
it
100%
it
100%
it
100%
just
100%
just
100%
just
100%
just
100%
let
100%
let
100%
let
100%
let
100%
we're
100%
wherever
100%
wherever
100%
Whoa,
100%
Whoa,
100%
Whoa,
100%
Whoah,
100%
you
100%
you
100%
you
100%
you
100%
you
100%
you
100%
you
100%
your
100%
yourself
100%
yourself
100%
yourself
100%
yourself
100%
yourself
100%
yourself
100%
don't
95%
don't
95%
don't
95%
don't
95%
Steven Universe Isn't
95%
Isn't
95%
Isn't
95%
to
95%
to
95%
whoever
95%
why
95%
why
95%
Why
95%
why
95%
beautiful
89%
different,
89%
different,
89%
different.
89%
find
89%
find
89%
nice
89%
nice
89%
night,
89%
shining
89%
shining
89%
shining
89%
somewhere
89%
somewhere
89%
somewhere
89%
star.
89%
such
89%
thousand
89%
thousand
89%
underneath
89%
stars
79%
this
79%
at
74%
at
74%
like
74%
Look
74%
look
74%
place,
74%
faces.
68%
They're
58%
No matching quizzes found
Score Distribution
Percent of People with Each Score
Percentile by Number Answered
Your Score History
You have not taken this quiz